| 000 | 00742nam a22002057a 4500 | ||
|---|---|---|---|
| 003 | OSt | ||
| 005 | 20140310182159.0 | ||
| 008 | 130902t xxu||||| |||| 00| 0 eng d | ||
| 050 |
_aDS 701 _b.Z63 1986 |
||
| 082 |
_aHS 732.7 _b143 Z6 1986 |
||
| 100 |
_aCultural Relics Pub _916113 |
||
| 245 |
_aErra-cotta warriors in armour and horses at the tomb of Qin Shi Huang / _cYuan Zhongyi |
||
| 260 |
_aBeijing, China : _bCultural Relics Pub., _cc1986. |
||
| 300 |
_b42 p. : _aill. ; _c25 cm. |
||
| 650 |
_aTerra - cotta sculpture, Chinese _xQin Han dynasties, 221 B. C. - 220 A. D. _916564 |
||
| 650 |
_aQin shi huang, Emperor of China 259 - 210 B. C. _xTomb _916565 |
||
| 650 |
_aChina _xAntiquities _916566 |
||
| 942 |
_2lcc _cHS |
||
| 999 |
_c10158 _d10158 |
||